Shakespeare and his world (Record no. 34511)

MARC details
000 -LEADER
fixed length control field 00274nam a2200109Ia 4500
082 ## - DEWEY DECIMAL CLASSIFICATION NUMBER
Classification number 92SHA
Item number HAL
100 ## - MAIN ENTRY--AUTHOR NAME
Personal name Halliday, F E
245 #0 - TITLE STATEMENT
Title Shakespeare and his world
260 ## - PUBLICATION, DISTRIBUTION, ETC. (IMPRINT)
Place of publication London
Name of publisher Thames and Hudson
Year of publication 1976
942 ## - ADDED ENTRY ELEMENTS (KOHA)
Koha item type Books
Holdings
Withdrawn status Lost status Damaged status Not for loan Home library Current library Date acquired Cost, normal purchase price Full call number Accession Number Koha item type
        RRII Library RRII Library 16/12/2021 3.25 92SHA HAL 14947 Books